[Event "Tashkent FIDE GP 2nd"]
[Site "Tashkent"]
[Date "2012.12.02"]
[Round "9"]
[White "Leko, Peter"]
[Black "Svidler, Peter"]
[Result "1/2-1/2"]
[WhiteElo "2732"]
[BlackElo "2747"]
[Annotator "Kritz,L"]
[PlyCount "65"]
[EventDate "2012.11.22"]
[EventType "tourn"]
[EventRounds "11"]
[EventCountry "UZB"]
[EventCategory "20"]
[SourceTitle "CBM 152"]
[Source "ChessBase"]
[SourceDate "2013.01.15"]
[SourceVersion "1"]
[SourceVersionDate "2013.01.15"]
[SourceQuality "1"]

1. e4 c5 2. Nf3 e6 3. d4 cxd4 4. Nxd4 Nc6 5. Nc3 a6 {Diese Variante wird
gespielt, wenn Schwarz die lange Rochade von Weiß verhindern will.} (5... Qc7
6. Be3 a6 7. Qd2 Nf6 8. O-O-O Bb4 9. f3 $132 {Das ist heutzutage die
Hauptvariante, in der Weiß gute Ergebnisse erzielt.}) 6. Nxc6 (6. Be3 Nf6 7.
Qd2 Bb4 8. f3 d5 $1 {Das ist die Idee - Weiß kommt einen Zug zu spät.} 9. a3
Qa5 $1 10. Nb3 (10. exd5 Nxd5 11. Nb3 Bxc3 {Auch hier gleich Schwarz
problemlos aus.} 12. Nxa5 Bxd2+ 13. Bxd2 Nxa5 14. Bxa5 Ne3 $11 {1/2-1/2
Naiditsch,A (2691)-Navara,D (2731)/Peristeri 2010/CBM 137 Extra (31)}) 10...
Bxc3 11. bxc3 Qc7 12. Bf4 e5 13. exd5 exf4 14. dxc6 O-O 15. O-O-O Qxc6 16. c4
Be6 17. Qxf4 Rac8 18. Qd6 Qa4 19. Qb4 Qxb4 20. axb4 Bxc4 $11 {1/2-1/2 Carlsen,
M (2548)-Anand,V (2785)/Leon 2005/CBM 108 (39)}) 6... bxc6 (6... dxc6 7. Qxd8+
Kxd8 8. Bf4 $16) 7. Bd3 d5 8. O-O Nf6 {Das ist die bessere Zugfolge.} (8... Qc7
9. f4 Nf6 (9... Bc5+ 10. Kh1 Ne7 11. f5 $1 exf5 12. exf5 f6 13. Qh5+ Kd8 14.
Bf4 $18 {1-0 Kurnosov,I (2577)-Shailaindra,K (2158)/New Delhi 2008/CBM 122
Extra (24)}) 10. Kh1 Be7 11. b3 O-O 12. Bb2 Rd8 13. Qe2 $14 {1-0 Polgar,J 
(2699)-Corrales Jimenez,F (2585)/Khanty-Mansiysk 2011/CBM 145 (52)}) 9. Re1 {
Ich finde, dass der Zug 9.Qe2 etwas besser ist, weil der Turm dann nach d1
gehen kann, und Weiß sich mittels b3-Bb2 entwickeln kann.} (9. Qe2 Be7 (9...
Qc7 10. b3 Bb7 11. Bb2 Bd6 12. Kh1 Bf4 13. Rae1 O-O 14. g3 $14 {0-1 Karjakin,S
(2725)-Ivanchuk,V (2748)/Nice 2010/CBM 135 Extra (41)}) 10. b3 Bb7 11. Bb2 O-O
12. Rad1 Qc7 13. Na4 $1 {Das ist die Idee des Aufbaus - Weiß erlaubt Schwarz
das Nehmen auf e4, weil die entstehende Bauernstruktur besser für Weiß ist.}
dxe4 14. Bxe4 Nxe4 15. Qxe4 c5 16. Qe5 Qxe5 17. Bxe5 Bc6 18. Nb6 $14 {1/2-1/2
Karjakin,S (2779)-Svidler,P (2749)/Astana 2012/CB27_2012 (41)}) 9... Be7 {
Es gibt viele Züge, die Schwarz machen kann, aber im Großen und Ganzen ist der
Unterschied zwischen den Varianten sehr klein, nur falls Schwarz etwas
Absurdes spielt, kann man einen Unterschied sehen. Sonst kommt man immer
wieder zu demselben Stellungstyp.} (9... Bb7 10. Bf4 Be7 11. Qf3 Qa5 12. a3 $14
{1-0 Anand,V (2782)-Morovic Fernandez,I (2573)/Sao Paulo 2004/CBM 103 (15)})
10. e5 {Das ist die klassische Spielweise - alle spielen es, niemand bekommt
etwas. Weiß sollte versuchen, die Spannung im Zentrum so lange wie möglich zu
halten.} (10. b3 O-O (10... Bb4 $2 11. Bd2 $14) 11. Bb2 Qc7 12. Qf3 Bb7 13. Na4
$132) 10... Nd7 11. Qg4 {Das ist die Idee des Zuges 10.e5.} Kf8 $5 {Da die
Stellung geschlossen ist und Weiß keine Chance hat, sie effektiv zu öffnen,
macht es nichts aus, dass der König im Zentrum bleibt.} (11... g6 {ist auch
möglich:} 12. Bh6 Rb8 13. b3 Bb4 14. Bd2 O-O 15. h4 Be7 16. h5 Rb4 17. Qe2 Rh4
18. hxg6 fxg6 $132 {0-1 Inarkiev,E (2683)-Movsesian,S (2699)/St Petersburg
2012/CB40_2012 (40)}) (11... O-O $2 {Das ist der einzige Zug, wo es sich lohnt
10.e5 gespielt zu haben.} 12. Bh6 g6 13. Bxf8 $18) 12. b3 c5 13. Na4 Bb7 14. c4
d4 {Die letzten Züge sind alle typisch für diese Bauernstruktur. Nun muss Weiß
die weißfeldrigen Läufer tauschen und dabei versuchen, die schwarzfeldrigen zu
behalten. Dann kann er 50 Züge lang hin und her ziehen und versuchen, Schwarz
in eine Falle zu locken. Die Stellung wird dabei die ganze Zeit ausgeglichen
bleiben.} 15. Nb2 h5 {Schwarz will später ...g6 spielen und seinen König nach
g7 bringen.} 16. Qe2 (16. Qg3 h4 17. Qg4 h3 $1 {Schwarz schwächt den weißen
König, was ihm langfristig gewisse Extrachancen bietet.} 18. g3 Qc7 19. f4 $132
) 16... Qc7 17. Be4 g6 18. Nd3 {Auf der einen Seite hat Weiß das Maximum
erreicht, aber es ist trotzdem nicht genug, um einen spürbaren Vorteil zu
bekommen. Schwarz hat immer wieder die Möglichkeit a5-a4 zu spielen, und wird
daher den weißen Springer zurück nach b2 zwingen.} Kg7 19. Qf3 (19. Nf4 Bxe4 $1
{Man sollte nicht länger warten - noch ein Zug und es wäre zu spät.} (19... a5
20. Bxg6 $1 $18) 20. Qxe4 Rac8 $1 (20... a5 21. Qxg6+ fxg6 22. Nxe6+ Kf7 23.
Nxc7 $18) 21. Bd2 Qc6 $11) 19... Bxe4 20. Rxe4 Qc6 {In dieser Stellung ist
nichts los - Schwarz bleibt stehen und wartet, was Weiß macht. Weiß
seinerseits hat keinen aktiven Plan, er kann nur am Königsflügel etwas
versuchen, aber dort sind ja alle schwarzen Figuren.} 21. h4 a5 22. Nb2 {
Weiß sollte Schwarz nicht erlauben, ...a4 zu spielen.} (22. Bg5 Bxg5 23. hxg5
a4 24. b4 cxb4 25. Nxb4 Qc5 $132) 22... Qc7 23. Qg3 Qc6 24. Re2 Rhb8 25. Bg5
Bxg5 $1 {Schwarz sollte nicht dem Tausch ausweichen, weil das Feld f6 durch
den Springer d7 verteidigt ist.} (25... Bf8 26. Qf4 $14 {Plötzlich hat Weiß
die Kontrolle über alle wichtigen Feldern am Königsflügel und kann mittels
f3-g4 einen wirklichen Angriff organisieren.}) 26. Qxg5 Qc7 {Schwarz bringt
die Dame nach e7 und lässt überhaupt nichts zu. Ein alles oder nichts Versuch
wäre 26...Nb6.} (26... Nb6 $5 27. Nd3 (27. Qf6+ Kg8 28. Nd3 a4 29. Rae1 axb3
30. axb3 Nd7 31. Qg5 Rxb3 32. Nf4 $132 Kh7 33. Qe7 Kg7 34. Qg5 $11) 27... a4
28. Ree1 Nd7 29. Nf4 $132) 27. Rd1 Qd8 28. Qf4 {Weiß sollte auch nicht die
Damen tauschen, weil das Endspiel besser für Schwarz ist - Weiß hat gar kein
Spiel im Endspiel.} Qe7 29. Re4 Nb6 30. Nd3 Nd7 {Leider funktioniert 30...a4
nicht, weil der Bauer c5 schwach ist.} (30... a4 31. Qf6+ Qxf6 32. exf6+ Kxf6
33. Nxc5 axb3 34. axb3 $14) 31. Nb2 Nb6 32. Nd3 Nd7 33. Nb2 1/2-1/2

[Event "Baku FIDE GP"]
[Site "Baku"]
[Date "2008.04.30"]
[Round "9"]
[White "Navara, David"]
[Black "Mamedyarov, Shakhriyar"]
[Result "0-1"]
[WhiteElo "2672"]
[BlackElo "2752"]
[Annotator "Kritz,L"]
[PlyCount "82"]
[EventDate "2008.04.21"]
[EventType "tourn"]
[EventRounds "13"]
[EventCountry "AZE"]
[EventCategory "19"]
[SourceTitle "CBM 124"]
[Source "ChessBase"]
[SourceDate "2008.05.28"]
[SourceVersion "1"]
[SourceVersionDate "2008.05.28"]
[SourceQuality "1"]

1. e4 c5 2. Nf3 e6 3. d4 cxd4 4. Nxd4 Nc6 5. Nc3 a6 {Dieser Zug richtet sich
gegen die Idee des weißen Spielers, die Variante mit der langen Rochade zu
spielen. Doch er lässt das Nehmen auf c6 zu, das Weiß eine angenehmere
Stellung verspricht.} (5... Qc7 6. Be3 a6 7. Qd2 Nf6 8. O-O-O Bb4 9. f3 $132 {
Ist heutzutage die populärste Variante im Paulsen-System.}) 6. Nxc6 {Ich denke,
das ist nicht nur der prinzipiellste, sondern auch der stärkste Zug.} (6. Be3 {
Versucht Weiß, in die Variante mit der langen Rochade zu kommen, so wird er
ausgebremst:} Nf6 7. Qd2 Bb4 8. f3 d5 $1 9. a3 Qa5 10. Nb3 Bxc3 11. bxc3 (11.
Qxc3 Qxc3+ 12. bxc3 dxe4 $15) (11. Nxa5 Bxd2+ 12. Bxd2 dxe4 13. Nxc6 bxc6 14.
Bb4 Bb7 $15) 11... Qc7 12. Bf4 e5 13. exd5 exf4 14. dxc6 O-O 15. O-O-O Qxc6 16.
c4 Be6 17. Qxf4 Rac8 18. Qd6 Qa4 19. Qb4 Qxb4 20. axb4 Bxc4 $11 {Carlsen -
Anand (Leon, 2005)}) 6... bxc6 (6... dxc6 $2 7. Qxd8+ Kxd8 8. Bf4 $16 {Schwarz
hat zu viele Schwächen im Lager, dazu auch noch einen schlechten König und
Entwicklungsrückstand.}) 7. Bd3 d5 8. O-O {Eine seltene aber mögliche
Alternative ist 8....Qc7.} Nf6 (8... Qc7 9. Re1 (9. Qe2 $5 Bb7 {Wenn Schwarz
nicht gleich Nf6 spielt, dann macht es auch Sinn, weiter mit der Entwicklung
des Springers abzuwarten.} (9... Nf6 10. b3 {Die Entwicklung des Läufers auf
die lange Diagonale scheint logischer zu sein.} ({Nach} 10. Bd2 Be7 11. Rae1
O-O 12. Kh1 Bb7 13. f4 Nd7 14. Na4 Rfe8 15. b3 c5 16. c4 d4 17. e5 Bf8 18. Be4
a5 19. Qf3 Bxe4 20. Rxe4 Nb6 $132 {Topalov - Rublevsky (Ajaccio, 2004). kam es
zu dem typischen Bauernstruktur für die Variante, wobei Schwarz keine Probleme
mehr hat, weil sein Gegenspiel am Damenflügel sehr schnell kommt.}) 10... Bb7
11. Re1 Nd7 12. Bb2 d4 13. Na4 Bd6 14. Qh5 c5 15. c3 e5 16. Rac1 $14 {Almasi -
Volokitin (Dresden, 2007). Weiß hat gutes Spiel gegen die schwarzen Bauern im
Zentrum.}) 10. Bd2 Bd6 (10... Nf6 11. Rae1 Be7 12. e5 Nd7 13. Qg4 g6 14. Qg3 c5
15. b3 $14 {Luther - Graf (Koenigshofen, 2007)}) 11. f4 Ne7 $1 {Dieser Aufbau
ist elastischer als mit dem Springer auf f6. Vor allem hat Schwarz dadurch ein
lebendigeres Spiel.} 12. Kh1 O-O 13. e5 Bb4 14. Rf3 (14. a3 Bxc3 15. Bxc3 c5
16. b3 c4 17. bxc4 dxc4 18. Be4 Bxe4 19. Qxe4 Rfd8 $15) 14... Bxc3 15. bxc3 c5
16. Rh3 h6 17. c4 (17. Qh5 f5 18. exf6 Rxf6 19. Re1 c4 20. Bf1 Ng6 $15 {
Kramnik - Svidler (Monte Carlo, 2005)}) 17... dxc4 18. Bxc4 $132) 9... Bb7 10.
Qf3 Bd6 11. e5 Bf8 (11... Bxe5 12. Qh5 Bxc3 13. bxc3 Nf6 14. Rxe6+ Kd8 (14...
Kf8 15. Rxf6 gxf6 16. Bh6+ Ke7 17. Re1+ Kd8 18. Qh4 Qd6 19. Bf4 $18) 15. Rxf6
gxf6 16. Rb1 $44 {Für die geopferte Qualität hat Weiß ausgezeichnete
Kompensation. Sein schwarzfeldriger Läufer ist keinesfalls schwächer als der
schwarze Turm.}) 12. Ne2 Ne7 (12... Qxe5 13. Bf4 Qf6 (13... Qxb2 $4 14. Rab1
$18) 14. Qg3 h6 15. c4 $44 {Es ist deutlich zu sehen, dass Weiß eine
superstarke Kompensation für nur einen Bauern hat.}) 13. Nf4 g6 14. Qg3 $1 (14.
c4 Bg7 15. Qe2 O-O 16. Bd2 dxc4 17. Bxc4 c5 $132 {Topalov - Svidler (Dortmund,
2005). Schwarz bekam gutes Gegenspiel dank den Feldern d5 und d4, sowie auch
wegen der Schwäche des Bauern e5, an dessen Verteidigung die weißen Figuren
gebunden sind.}) 14... c5 15. c3 h5 (15... Bg7 $2 16. Nh5 $1 {Das ist die Idee
des Zuges 14.Qg3!}) 16. h4 Bg7 17. Nh3 $14 {Anand - Svidler (Rishon Le Zion,
2006). Weiß macht Druck auf den geschwächten schwarzen Feldern des
Königsflügels und steht mit klarem Vorteil da.}) 9. Re1 (9. Qe2 $5 {Ist ein
anderer Plan, der eine nähere Betrachtung verdient.} Be7 10. b3 (10. Na4 O-O
11. c4 Bb7 (11... Re8 $6 {Es ist nicht klar, was der Turm auf der e-Linie
macht. Viel wichtiger ist es, den Damenflügel zu entwickeln, um nicht unter
Druck zu kommen.} 12. e5 Nd7 13. Bf4 Nb6 14. Nc3 Nxc4 15. Bxc4 dxc4 16. Rad1
Qb6 17. Ne4 $40 {Morozevich - Volokitin (Sochi, 2006). Und Weiß bekam starken
Angriff gegen den schwarzen König.}) 12. e5 Nd7 13. Bf4 Nb6 (13... a5 $5 14.
cxd5 cxd5 15. Rac1 Rb8 16. Rc2 Ba8 $132 {Kritz - Kobalia (Biel, 2006)}) 14.
cxd5 (14. Nc3 $5 dxc4 15. Bc2 Nd5 16. Qe4 g6 17. Bh6 Re8 18. Qxc4 Qb6 $132 {
/\a5}) 14... cxd5 15. Nc3 Nd7 16. Rad1 Nc5 17. Bb1 a5 $132 {Ponomariov -
Rublevsky (Elista, 2007)}) 10... O-O 11. Bb2 Bb7 12. Rad1 Qc7 13. Na4 $14 {
Meiner Meinung nach sind die Chancen des Weißen hier besser, weil er nach c4
gutes Spiel hat. Nimmt Schwarz auf e4, so wird er große Probleme mit dem
c-Bauern haben:} dxe4 $6 14. Bxe4 Nxe4 15. Qxe4 c5 16. Qe5 Qxe5 17. Bxe5 Rad8
18. c4 Bc6 19. Nc3 $16 {Im Endspiel wird der Bauer c5 immer schwach bleiben.
Weiß bringt seinen König in die Mitte, tauscht die Türme und versucht den
unglücklichen Bauern anzugreifen und zu gewinnen.}) 9... Be7 10. e5 Nd7 11. Na4
(11. Qg4 {gilt als Hauptzug} g6 12. Na4 (12. Bh6 {Bringt Weiß vermutlich gar
nichts:} Rb8 13. Qh3 Rb4 14. Bg7 Rh4 {Führt fast forciert zum Remis, ich sehe
zumindest nicht, wie Weiß ausweichen kann:} (14... Rg8 {Das ist ein Versuch,
auf Gewinn zu spielen, der ziemlich zweischneidig ist.} 15. Qxh7 Rxg7 16. Qxg7
Bf8 17. Qg8 Qg5 18. f4 $5 (18. g3 Nxe5 19. f4 Nf3+ 20. Kf2 Qh5 $15 {Polgar -
Anand (Sofia, 2005)}) 18... Rxf4 (18... Qxf4 19. Rf1 Qd4+ 20. Kh1 Nxe5 21. Bxg6
$16) 19. g3 (19. Rf1 $5 Nxe5 20. Rxf4 Qxf4 21. Rf1 Qe3+ 22. Kh1 f5 23. Qh8 Nxd3
24. cxd3 Qxd3 25. Rd1 Qe3 26. Qh7 $132) 19... Bb7 (19... Nxe5 $4 20. Rxe5 Qxe5
21. gxf4 $18) 20. Re2 $14) 15. Qg3 (15. Qxh4 Bxh4 16. Bxh8 Kf8 $17) 15... Rg8
16. Bf6 Bxf6 17. exf6 g5 18. Qd6 Bb7 19. g3 Rh6 20. Qb4 Bc8 {Wenn man nicht
wieder 21.Qd6 spielt, verliert man einfach den Bauer f6 für nichts.} 21. Qd6
Bb7 22. Qb4 {1/2-1/2 Alekseev - Navara (Lausanne, 2004)}) 12... Qa5 13. Bh6 Qb4
14. Qxb4 Bxb4 15. c3 Ba5 16. b4 Bc7 17. f4 a5 18. b5 Nb6 19. Nxb6 Bxb6+ 20. Kf1
cxb5 21. Bxb5+ Bd7 {In dem entstandenen Endspiel hat Weiß etwas bessere
Aussichten, weil Schwarz ziemlich viele schwache Felder hat, und dazu einen
a5-Bauern, der ebenfalls angegriffen werden kann.} 22. Rab1 Rb8 (22... Bxb5+
23. Rxb5 Bc7 24. c4 dxc4 25. Rc5 O-O-O 26. Rxc4 Rd7 27. Bg5 Kb7 28. Rb1+ Bb6
29. f5 $1 $16 {Ponomariov - Rublevsky (Poikovsky, 2006)}) 23. c4 Ba7 24. Ba6
Bc6 25. cxd5 exd5 (25... Bxd5 26. Rxb8+ Bxb8 27. Rc1 $18) 26. f5 $14 {Bacrot -
Rublevsky (Khanty Mansyisk, 2005)}) 11... Qc7 {Dieser Zug ist eine Neuerung.
Bis jetzt wurden andere Züge ausprobiert:} (11... O-O {scheint am logischsten.}
12. c4 a5 13. Qg4 f5 14. exf6 Nxf6 15. Qe2 Bd6 16. Bg5 e5 17. cxd5 cxd5 18. Nc3
Be6 19. Rad1 Qb8 $132 {Karjakin - Rublevsky (Foros, 2006). Schwarz bekam gutes
Spiel Dank dem starken Zentrum und Aktivität seiner Figuren.}) (11... Nb6 12.
Nxb6 Qxb6 13. c4 dxc4 $6 (13... O-O 14. Qg4 f5 15. exf6 Bxf6 $132) 14. Bxc4 O-O
15. Qb3 Qd4 $14 {Motylev - Horvath (Saint Vincent, 2005)}) 12. Bf4 (12. Qg4 g6
13. Bf4 c5 14. c4 d4 $132 {Bekommt Schwarz diese Bauernstruktur aufs Brett,
ohne dass Weiß konkret schnelle Initiative entwickeln kann, so ist die
Stellung ungefähr gleich.}) (12. Qe2 c5 13. c4 d4 14. b3 Bb7 15. Be4 Bxe4 16.
Qxe4 O-O 17. Bf4 $132) 12... g5 $5 {Mamedyarov nutzt die Gelegenheit, das
Spiel so scharf wie möglich zu gestalten.} (12... c5 {bringt Ausgleich.} 13. c4
d4 14. Qh5 g6 15. Qh6 Bf8 16. Qh4 Be7 17. Bg5 Bxg5 18. Qxg5 Bb7 19. b3 (19. Qh6
Nxe5 20. Qg7 Nxd3 $1 21. Rxe6+ (21. Qxh8+ Ke7 22. Qxh7 Nxe1 23. Rxe1 Qc6 $19)
21... Kd7 22. Qxf7+ Kc8 23. Re7 Qc6 24. f3 Rd8 $15) 19... O-O 20. Be4 Rab8 21.
Bxb7 Rxb7 22. Rad1 $11) 13. Bg3 h5 {Die logische Fortsetzung des Plans, sonst
kommt Qh5.} 14. h3 c5 15. c4 d4 16. b3 Bb7 17. Nb2 O-O-O 18. Be4 Rdg8 19. Nd3
$14 {Nach einer Reihe notwendiger Umgruppierungszüge ist eine Stellung
entstanden, die aus strategischer Sicht doch besser für Weiß ist. Schwarz hat
es nicht leicht, seinen Angriff am Königsflügel fortzusetzen, während Weiß
mittels a3-b4 den Damenflügel auseinanderzureißen droht.} Rg7 20. a3 Rhg8 21.
Bxb7+ Qxb7 22. f3 g4 23. hxg4 hxg4 24. f4 Rh7 25. Nf2 Rgh8 26. Rb1 a5 27. Qxg4
Kc7 28. f5 Qa8 29. Ne4 Rg8 30. Qf3 Bh4 31. fxe6 fxe6 32. Bxh4 Rxh4 33. Nd2 Qd8
34. b4 Rf8 35. Qg3 Rg8 36. Qf3 Rhg4 37. Re2 Rg3 38. Qh5 d3 39. Ne4 dxe2 40.
Nxg3 Rxg3 41. Qxe2 Qg5 0-1